Estadística para las Ciencias Sociales

Saved in:
Bibliografiske detaljer
Hovedforfatter: Ritchey, Ferris J (Author)
Format: Bog
Sprog:spansk
Udgivet: Ciudad de México McGraw-Hill 2008
Udgivelse:2a. ed
Fag:
Tags: Tilføj Tag
Ingen Tags, Vær først til at tagge denne postø!

MARC

LEADER 00000nam a2200000 a 4500
001 UCH1188
003 CL-VaPUC
005 20231212170551.0
008 090409e20080000MX |||||||||||||||||spa|d
999 |c 333259  |d 333257 
020 |a 9789701066997 
040 |c Pontificia Universidad Católica de Valparaíso 
082 0 4 |a 300.21  |b RIT  |2 21 
100 0 |a Ritchey, Ferris J  |e author  |9 535566 
245 1 0 |a Estadística para las Ciencias Sociales 
250 |a 2a. ed 
260 |a Ciudad de México  |b McGraw-Hill  |c 2008 
300 |a 665 p 
500 |a Incluye CD 
583 |a last modification  |c 20090409 00:00:00  |k Rodrigo Vera 
650 0 |a Ciencias sociales  |9 886479  |x Métodos estadísticos 
650 0 |a Probabilidades   |9 260199 
650 0 |a Distribución (Teoría de probabilidades)  |9 885830 
650 0 |a Ciencias sociales  |9 863060  |x Metodología 
942 |c BK  |2 ddc 
945 |d 20090409 00:00:00  |a dcastane 
952 |0 0  |1 0  |4 0  |6 300_210000000000000_RIT_2008  |7 0  |8 R  |9 421502  |a BIBGIM  |b BIBGIM  |d 2019-11-22  |i 4536223  |o 300.21 RIT 2008  |p 4536223  |r 2025-01-15  |w 2019-11-22  |y BK_R  |k SSL 
952 |0 0  |1 0  |4 0  |6 300_210000000000000_RIT_2008  |7 0  |8 R  |9 421503  |a BIBGIM  |b BIBGIM  |d 2019-11-22  |i 4536231  |l 2  |o 300.21 RIT 2008  |p 4536231  |r 2025-01-15  |s 2022-06-29  |w 2019-11-22  |y BK_R  |k SSL 
952 |0 0  |1 0  |4 0  |6 300_210000000000000_RIT_2008  |7 0  |8 R  |9 421504  |a BIBGIM  |b BIBGIM  |d 2019-11-22  |i 453624K  |o 300.21 RIT 2008  |p 453624K  |r 2025-01-15  |w 2019-11-22  |y BK_R  |k SSL 
952 |0 0  |1 0  |4 0  |6 300_210000000000000_RIT_2008  |7 0  |8 R  |9 421505  |a BIBGIM  |b BIBGIM  |d 2019-11-22  |i 4536258  |o 300.21 RIT 2008  |p 4536258  |r 2025-01-15  |w 2019-11-22  |y BK_R  |k SSL 
952 |0 0  |1 0  |4 0  |6 300_210000000000000_RIT_2008  |7 0  |8 R  |9 421506  |a BIBGIM  |b BIBGIM  |d 2019-11-22  |i 4536266  |o 300.21 RIT 2008  |p 4536266  |r 2025-01-15  |w 2019-11-22  |y BK_R  |k SSL 
952 |0 0  |1 0  |4 0  |6 300_210000000000000_RIT_2008  |7 0  |8 R  |9 421507  |a BIBENE  |b BIBENE  |d 2019-11-22  |i 454479K  |o 300.21 RIT 2008  |p 454479K  |r 2025-01-15  |w 2019-11-22  |y BK_R  |k ICO 
952 |0 0  |1 0  |4 0  |6 300_210000000000000_RIT_2008  |7 0  |8 R  |9 421508  |a BIBENE  |b BIBENE  |d 2019-11-22  |i 4651405  |o 300.21 RIT 2008  |p 4651405  |r 2025-01-15  |w 2019-11-22  |y BK_R  |k ICO